Statistics for Highest peaks by prominence

Click here to take the quiz!

General Stats

  • This quiz has been taken 13 times
  • The average score is 8 of 15

Answer Stats

No.PeakCountry% Correct
1.Mount EverestChina/Nepal
100%
3.DenaliUnited States
83%
11.Mont BlancFrance/Italy
83%
2.AconcaguaArgentina
75%
4.Mount KilimanjaroTanzania
75%
10.Mount ElbrusRussia
67%
6.Mount LoganCanada
67%
8.Vinson MassifAntarctica
50%
15.Mauna KeaUnited States
33%
7.Pico de OrizabaMexico
33%
12.Mount DamavandIran
25%
14.Nanga ParbatPakistan
25%
9.Puncak JayaIndonesia
25%
13. Klyuchevskaya SopkaRussia
8%
5.Pico Cristóbal ColónColombia
8%

Score Distribution

Percentile by Number Answered

Percent of People with Each Score

Your Score History

You have not taken this quiz